[Event "ARG-ch Amateur"]
[Site "Termas de Rio Hondo"]
[Date "2019.11.16"]
[Round "4"]
[White "Suarez, Mauricio Josue"]
[Black "Villarreal, Agustin"]
[Result "1-0"]
[WhiteElo "2143"]
[BlackElo "1978"]
[PlyCount "133"]
[EventDate "2019.11.15"]
[EventType "swiss"]
[EventRounds "7"]
[EventCountry "ARG"]
[SourceTitle "CBM 193 Extra"]
[Source "ChessBase"]
[SourceDate "2020.01.31"]
[SourceVersion "1"]
[SourceVersionDate "2020.01.31"]
[SourceQuality "1"]

1. e4 e5 2. Nf3 Nc6 3. Bb5 a6 4. Ba4 Nf6 5. 0-0 b5 6. Bb3 Bb7 7. Re1 Bc5 8. c3 d6 9. d4 Bb6 10. a4 h6 11. d5 Ne7 12. Be3 Bxe3 13. Rxe3 0-0 14. c4 bxc4 15. Bxc4 Nd7 16. Nc3 f5 17. a5 Kh8 18. b4 Nf6 19. exf5 Nxf5 20. Re2 Ne7 21. Rd2 Qd7 22. b5 Qg4 23. Ra4 Nh5 24. h3 Qg6 25. Bd3 Qf7 26. bxa6 Bxa6 27. Bxa6 Rxa6 28. Nb5 Rc8 29. Nxe5 Qe8 30. Nc6 Nxc6 31. dxc6 Rxc6 32. Na7 Ra8 33. Nxc6 Qxc6 34. Qf3 Qxf3 35. gxf3 Nf6 36. a6 Nd7 37. a7 Nb6 38. Ra6 Nc8 39. Rb2 Rxa7 40. Rxa7 Nxa7 41. Rb7 Nc6 42. Rxc7 Nd4 43. Kg2 Kh7 44. Rd7 Nf5 45. f4 Kg6 46. Kf3 Kf6 47. Ke4 Ke6 48. Rd8 Ne7 49. Re8 Kf7 50. Ra8 Ke6 51. Rf8 d5+ 52. Kd4 Nf5+ 53. Kc5 d4 54. Re8+ Kf7 55. Re5 Kf6 56. Rd5 Ke6 57. Re5+ Kf6 58. Rd5 Ke6 59. Kc4 Kf6 60. Kd3 Ke6 61. Ra5 g6 62. Ke4 h5 63. Re5+ Kf6 64. Rxf5+ gxf5+ 65. Kxd4 Ke6 66. Kc5 h4 67. Kc6 1-0

[Event "La Cumbre Rusnak Memorial op"]
[Site "La Cumbre"]
[Date "2019.09.13"]
[Round "1.8"]
[White "Suarez, Mauricio Josue"]
[Black "Marquez, Juan Carlos"]
[Result "1-0"]
[WhiteElo "2168"]
[BlackElo "1694"]
[PlyCount "81"]
[EventDate "2019.09.13"]
[EventType "swiss"]
[EventRounds "6"]
[EventCountry "ARG"]
[SourceTitle "EXT 2024"]
[Source "ChessBase"]
[SourceDate "2023.10.10"]
[SourceVersion "1"]
[SourceVersionDate "2023.10.10"]
[SourceQuality "1"]

1. e4 e6 2. d4 d5 3. Nd2 dxe4 4. Nxe4 Bd7 5. Nf3 Bc6 6. Bd3 Nd7 7. 0-0 Ngf6 8. Qe2 Nxe4 9. Bxe4 Bxe4 10. Qxe4 c6 11. a4 Be7 12. a5 Nf6 13. Qe2 0-0 14. Bf4 Rc8 15. Rfd1 Qd5 16. a6 b6 17. c4 Qe4 18. Qxe4 Nxe4 19. d5 cxd5 20. cxd5 exd5 21. Rxd5 Nf6 22. Rd3 Rc4 23. Bd6 Rd8 24. Ne5 Bxd6 25. Nxc4 Bxh2+ 26. Kxh2 Rxd3 27. Nxb6 Rd8 28. Nc4 Kf8 29. Ne5 Rd6 30. b4 Rb6 31. b5 Rxb5 32. Nc6 Rc5 33. Nxa7 Nd7 34. Rb1 Ra5 35. Rb7 Ke8 36. Nb5 Kd8 37. a7 Kc8 38. Nd6+ Kd8 39. Rb8+ Kc7 40. Ne8+ Kc6 41. a8Q+ 1-0

[Event "Monteros U2300 op"]
[Site "Monteros"]
[Date "2019.05.26"]
[Round "4"]
[White "Santucho, Jorge Mario"]
[Black "Suarez, Mauricio Josue"]
[Result "0-1"]
[WhiteElo "1964"]
[BlackElo "2174"]
[PlyCount "76"]
[EventDate "2019.05.25"]
[EventType "swiss"]
[EventRounds "6"]
[EventCountry "ARG"]
[SourceTitle "CBM 190 Extra"]
[Source "ChessBase"]
[SourceDate "2019.07.15"]
[SourceVersion "1"]
[SourceVersionDate "2019.07.15"]
[SourceQuality "1"]

1. d4 d5 2. c4 e6 3. g3 Nf6 4. Bg2 Be7 5. Nf3 0-0 6. 0-0 dxc4 7. Qc2 a6 8. a4 Bd7 9. Qxc4 Bc6 10. Bf4 a5 11. Nc3 Na6 12. Rac1 Rc8 13. Ne5 Bxg2 14. Kxg2 c5 15. dxc5 Rxc5 16. Qb3 Qa8 17. f3 g5 18. Nd3 gxf4 19. Nxc5 Bxc5 20. Qb5 b6 21. gxf4 Nc7 22. Qc4 Ncd5 23. Nd1 Qb8 24. e4 Nxf4+ 25. Kh1 Qe5 26. Rc2 Kh8 27. Rd2 Rg8 28. Qc3 Qg5 29. Ne3 Bb4 30. Qc2 Bxd2 31. Qxd2 Ng2 32. Nc4 Qxd2 33. Nxd2 Ne3 34. Re1 Rd8 35. Rxe3 Rxd2 36. Rb3 Nd7 37. Kg1 Kg7 38. f4 Rd4 0-1

[Event "ARG-ch U18"]
[Site "Buenos Aires"]
[Date "2019.03.01"]
[Round "2.3"]
[White "Nadal, Alan"]
[Black "Suarez, Mauricio Josue"]
[Result "0-1"]
[WhiteElo "1828"]
[BlackElo "2102"]
[PlyCount "84"]
[EventDate "2019.03.01"]
[EventType "swiss"]
[EventRounds "9"]
[EventCountry "ARG"]
[SourceTitle "EXT 2024"]
[Source "ChessBase"]
[SourceDate "2023.10.10"]
[SourceVersion "1"]
[SourceVersionDate "2023.10.10"]
[SourceQuality "1"]

1. d4 Nf6 2. c4 e6 3. Nc3 d5 4. cxd5 exd5 5. Bg5 Be7 6. e3 0-0 7. Bd3 Nbd7 8. Nf3 c6 9. Qc2 Re8 10. 0-0 Nf8 11. Rfe1 Ne4 12. Bxe7 Qxe7 13. Nd2 Nxd2 14. Qxd2 Be6 15. f3 Rad8 16. Qf2 Qf6 17. b4 Bf5 18. Qc2 Bxd3 19. Qxd3 Ng6 20. Ne2 Re6 21. Ng3 Rde8 22. Kf2 Ne7 23. Rab1 b6 24. Kg1 Nc8 25. b5 Qe7 26. Nf5 Qd7 27. bxc6 Rxc6 28. e4 dxe4 29. fxe4 Nd6 30. Ng3 Rcc8 31. Rbd1 Nc4 32. Qb3 b5 33. e5 Qd5 34. Ne4 a6 35. Qg3 Kh8 36. Qh4 Re6 37. Ng5 Rh6 38. Qg4 Rf8 39. Rd3 Rg6 40. Qf4 Kg8 41. Rg3 h6 42. Nxf7 Rxf7 0-1

[Event "ARG-ch sf"]
[Site "La Banda"]
[Date "2017.01.14"]
[Round "2"]
[White "Zamora, Martin"]
[Black "Suarez, Mauricio Josue"]
[Result "0-1"]
[WhiteElo "1898"]
[BlackElo "1959"]
[PlyCount "86"]
[EventDate "2017.01.14"]
[EventType "swiss"]
[EventRounds "6"]
[EventCountry "ARG"]
[SourceTitle "CBM 176 Extra"]
[Source "ChessBase"]
[SourceDate "2017.03.02"]
[SourceVersion "1"]
[SourceVersionDate "2017.03.02"]
[SourceQuality "1"]

1. d4 Nf6 2. c4 e6 3. Nc3 d5 4. Bg5 Be7 5. e3 h6 6. Bh4 0-0 7. Nf3 b6 8. Bxf6 Bxf6 9. cxd5 exd5 10. Be2 Bb7 11. 0-0 Qd6 12. Rc1 a6 13. Bd3 Re8 14. Ne2 Nd7 15. Ng3 g6 16. b4 Rac8 17. Qb3 Bg7 18. a4 c6 19. b5 axb5 20. axb5 c5 21. Bb1 Ra8 22. h4 h5 23. Qc2 Ra5 24. dxc5 bxc5 25. Qe2 Qb6 26. Ng5 Qxb5 27. Qf3 Ne5 28. Qf4 Qd7 29. Rfd1 Qe7 30. Bc2 Qf6 31. Rb1 Ba8 32. Nxh5 gxh5 33. Qg3 Ng4 34. Rb8 Bc6 35. Rxe8+ Bxe8 36. Rxd5 Ra1+ 37. Rd1 Rxd1+ 38. Bxd1 Qa1 39. Qf3 c4 40. g3 c3 41. Kg2 Qa2 42. Qf5 Bc6+ 43. Kg1 Qd5 0-1

[Event "ARG-ch sf U2300 Ottonello Memorial"]
[Site "Monteros"]
[Date "2016.09.17"]
[Round "2.6"]
[White "Suarez, Mauricio Josue"]
[Black "Mariscal, Carlos Jesus"]
[Result "1-0"]
[WhiteElo "1954"]
[BlackElo "1908"]
[PlyCount "69"]
[EventDate "2016.09.17"]
[EventType "swiss"]
[EventRounds "6"]
[EventCountry "ARG"]
[SourceTitle "EXT 2024"]
[Source "ChessBase"]
[SourceDate "2023.10.10"]
[SourceVersion "1"]
[SourceVersionDate "2023.10.10"]
[SourceQuality "1"]

1. e4 d5 2. exd5 Qxd5 3. Nc3 Qa5 4. Bc4 Nf6 5. d4 c6 6. Be3 Bf5 7. Nf3 e6 8. 0-0 Nbd7 9. a3 Bd6 10. Qc1 Qc7 11. h3 h6 12. Rd1 Ne4 13. Nxe4 Bxe4 14. Be2 Bxf3 15. Bxf3 Nf6 16. c4 g5 17. Qc3 Ke7 18. d5 cxd5 19. Bd4 e5 20. Re1 Ne4 21. Bxe4 exd4 22. Bxd5+ Be5 23. Qxd4 f6 24. Qd3 Kf8 25. Re2 Kg7 26. Rae1 Qd7 27. Qf3 Rab8 28. b3 Rhe8 29. g3 Re7 30. Kg2 Rc8 31. Rd1 Rc7 32. Red2 Qe8 33. Be4 b6 34. Rd8 Qf7 35. Qf5 1-0

[Event "Pan American-ch U14 27th"]
[Site "Montevideo"]
[Date "2016.07.31"]
[Round "9"]
[White "Suarez, Mauricio Josue"]
[Black "Arboleda Orozco, Juan M"]
[Result "1/2-1/2"]
[WhiteElo "1876"]
[BlackElo "1976"]
[PlyCount "90"]
[EventDate "2016.07.25"]
[EventType "swiss"]
[EventRounds "9"]
[EventCountry "URU"]
[SourceTitle "EXT 2017"]
[Source "ChessBase"]
[SourceDate "2016.10.25"]
[SourceVersion "1"]
[SourceVersionDate "2016.10.25"]
[SourceQuality "1"]

1. e4 c5 2. Nf3 d6 3. d4 cxd4 4. Nxd4 Nf6 5. Nc3 g6 6. Be3 Bg7 7. f3 Nc6 8. Bc4 0-0 9. Qd2 Bd7 10. 0-0-0 Rc8 11. Bb3 Nxd4 12. Bxd4 b5 13. Bxa7 b4 14. Ne2 Qa5 15. Bd4 Ba4 16. Bxa4 Qxa4 17. Kb1 e5 18. Be3 d5 19. exd5 Nxd5 20. Qxd5 Qxc2+ 21. Ka1 Qxe2 22. Rhe1 Qa6 23. Qb3 Rc4 24. Rd7 Ra8 25. Red1 h6 26. R7d6 Rc6 27. Rxc6 Qxc6 28. Qxb4 Qa6 29. Qb3 Qe2 30. Rd2 Qf1+ 31. Qd1 Qc4 32. Rd8+ Rxd8 33. Qxd8+ Kh7 34. Qd1 f5 35. a3 e4 36. fxe4 fxe4 37. Qd2 Qa6 38. Ka2 Qc4+ 39. Ka1 Qa6 40. Ka2 Qc4+ 41. b3 Qf1 42. b4 Qc4+ 43. Kb1 Qb3+ 44. Kc1 Qxa3+ 45. Kd1 Qa1+ 1/2-1/2